000
00272nam a22001337a 4500
008
210609b ||||| |||| 00| 0 eng d
041
_a
eng
080
_a
91
082
_a
91
100
_a
42
101
_a
GJEO
245
_a
Select Science
_c
Duvall,L
942
_2
udc
_c
BK
999
_c
58096
_d
58096